<?xml version="1.0" encoding="UTF-8"?><?xml-stylesheet type="text/xsl" href="static/style.xsl"?><OAI-PMH xmlns="http://www.openarchives.org/OAI/2.0/" xmlns:xsi="http://www.w3.org/2001/XMLSchema-instance" xsi:schemaLocation="http://www.openarchives.org/OAI/2.0/ http://www.openarchives.org/OAI/2.0/OAI-PMH.xsd"><responseDate>2026-06-29T09:21:15Z</responseDate><request verb="GetRecord" identifier="oai:riubu.ubu.es:10259/5357" metadataPrefix="marc">https://riubu.ubu.es/oai/request</request><GetRecord><record><header><identifier>oai:riubu.ubu.es:10259/5357</identifier><datestamp>2022-04-19T07:21:13Z</datestamp><setSpec>com_10259_2699</setSpec><setSpec>col_10259_2723</setSpec></header><metadata><record xmlns="http://www.loc.gov/MARC21/slim" xmlns:doc="http://www.lyncode.com/xoai" xmlns:xsi="http://www.w3.org/2001/XMLSchema-instance" xmlns:dcterms="http://purl.org/dc/terms/" xsi:schemaLocation="http://www.loc.gov/MARC21/slim http://www.loc.gov/standards/marcxml/schema/MARC21slim.xsd">
<leader>00925njm 22002777a 4500</leader>
<datafield tag="042" ind1=" " ind2=" ">
<subfield code="a">dc</subfield>
</datafield>
<datafield tag="720" ind1=" " ind2=" ">
<subfield code="a">Sáiz Manzanares, María Consuelo</subfield>
<subfield code="e">author</subfield>
</datafield>
<datafield tag="260" ind1=" " ind2=" ">
<subfield code="c">2019</subfield>
</datafield>
<datafield tag="520" ind1=" " ind2=" ">
<subfield code="a">El objeto de esta tesis ha sido el de aplicar conocimientos de la Inteligencia Artificial al campo de la Psicología Cognitiva y Metacognitiva. En concreto, este trabajo se ha centrado en el uso de técnicas de aprendizaje automático (Machine Learning), tanto respecto del uso de técnicas de aprendizaje supervisado (supervised) como de las técnicas de aprendizaje no supervisado (unsupervised). Ambas se han aplicado para favorecer el aprendizaje personalizado en los estudiantes y, en último término mejorar su rendimiento y satisfacción. En la actualidad el aprendizaje, especialmente en entornos de Educación Superior, se está desarrollando a través de plataformas interactivas, Learning Management System (LMS), como por ejemplo Moodle. Estos entornos ofrecen muchas posibilidades de registro de la actividad (logs o unidades de registro) y de extracción de dicha información, ya que estos registros se almacenan en bases de datos y estas pueden ser descargadas de forma sencilla en ficheros con distintos formatos CSV, XLS, JSON, etc.</subfield>
</datafield>
<datafield tag="520" ind1=" " ind2=" ">
<subfield code="a">The aim of this thesis has been to apply knowledge of artificial intelligence to the field of cognitive and metacognitive psychology. Specifically, this work has focused on the use of automatic learning techniques (Machine Learning), supervised and unsupervised, to analyze the effect on the satisfaction and performance of students of different actions that sought to provide them with a personalized learning experience. Currently, learning, especially in Higher Education environments, is being developed through interactive platforms, Learning Management System (LMS), such as Moodle. These environments offer many possibilities for registering the student activity (logs or registration units) and extracting this information, as these records are stored in databases and these can be downloaded easily in files with different formats CSV, XLS, JSON, and so on.</subfield>
</datafield>
<datafield tag="024" ind2=" " ind1="8">
<subfield code="a">http://hdl.handle.net/10259/5357</subfield>
</datafield>
<datafield tag="024" ind2=" " ind1="8">
<subfield code="a">10.36443/10259/5357</subfield>
</datafield>
<datafield ind1=" " ind2=" " tag="653">
<subfield code="a">Metacognición</subfield>
</datafield>
<datafield ind1=" " ind2=" " tag="653">
<subfield code="a">Técnicas de minería de datos educativas</subfield>
</datafield>
<datafield ind1=" " ind2=" " tag="653">
<subfield code="a">Inteligencia artificial</subfield>
</datafield>
<datafield ind1=" " ind2=" " tag="653">
<subfield code="a">Aprendizaje basado en proyectos</subfield>
</datafield>
<datafield ind1=" " ind2=" " tag="653">
<subfield code="a">E-orientación</subfield>
</datafield>
<datafield ind1=" " ind2=" " tag="653">
<subfield code="a">Metacognition</subfield>
</datafield>
<datafield ind1=" " ind2=" " tag="653">
<subfield code="a">Educational Data Mining</subfield>
</datafield>
<datafield ind1=" " ind2=" " tag="653">
<subfield code="a">Artificial Intelligence</subfield>
</datafield>
<datafield ind1=" " ind2=" " tag="653">
<subfield code="a">Project-based learning</subfield>
</datafield>
<datafield ind1=" " ind2=" " tag="653">
<subfield code="a">E-orientation</subfield>
</datafield>
<datafield tag="245" ind1="0" ind2="0">
<subfield code="a">Metacognición e inteligencia artificial: más allá del paralelismo de funcionamiento</subfield>
</datafield>
</record></metadata></record></GetRecord></OAI-PMH>